Vista normal
Vista MARC
Entrada Personal Name
Número de registros utilizados en: 1
001 - CONTROL NUMBER
- control field: 8100
003 - CONTROL NUMBER IDENTIFIER
- control field: DLC
005 - DATE AND TIME OF LATEST TRANSACTION
- control field: 20200724132837.0
008 - FIXED-LENGTH DATA ELEMENTS
- fixed length control field: 850808n| acannaab| |n aaa |||
010 ## - LIBRARY OF CONGRESS CONTROL NUMBER
- LC control number: n 85045746
040 ## - CATALOGING SOURCE
- Original cataloging agency: DLC
- Transcribing agency: Mx-PuUPA
- Modifying agency: DLC
- Modifying agency: Mx-PuUPA
- Language of cataloging: spa
- Description conventions: rda
100 10 - HEADING--PERSONAL NAME
- Personal name: Benjamin, Barbaranne J.,
372 ## - FIELD OF ACTIVITY
- Field of activity: Eduación infantil
374 ## - OCCUPATION
- Occupation: Autora
375 ## - GENDER
- Gender: mujer
377 ## - ASSOCIATED LANGUAGE
- Language code: spa
670 ## - SOURCE DATA FOUND
- Source citation: Her A special child in the family, c1985:
- Information found: t.p. (Barbaranne J. Benjamin, Ph. D.) t.p. verso, in copr. (HILL Project director, SW Tex. St. University, San Marcos, Tex.)
670 ## - SOURCE DATA FOUND
- Source citation: Biblioteca del congreso (Estados Unidos), 18 septiembre 2018:
- Information found: catálogo electrónico
- Uniform Resource Identifier: https://goo.gl/p2ePsu